[Event "II. Budapest Open"]
[Site ", "]
[Date "2012.08.26"]
[Round "9"]
[White "Gorog, Almos"]
[Black "Mihajlova, Diana"]
[Result "1-0"]
[WhiteElo "1435"]
[BlackElo "1482"]
[PlyCount "97"]
[EventDate "2012.??.??"]

1. c4 e5 2. Nc3 Nc6 3. Nf3 f5 4. d3 Nf6 5. Bg5 Bc5 6. a3 O-O 7. b4 Bd4 8. Rc1
Qe8 9. Bxf6 Bxc3+ 10. Rxc3 Rxf6 11. e3 f4 12. e4 d6 13. b5 Ne7 14. Be2 Qg6 15.
Bf1 Bg4 16. h3 Qh6 17. Be2 Ng6 18. Nh2 Bxh3 19. Ng4 Qg5 20. Nxf6+ Qxf6 21. Rxh3
Nh4 22. Bf3 Qg5 23. g3 Rf8 24. Rxh4 fxg3 25. Rg4 gxf2+ 26. Kxf2 Qxg4 27. Qe2
Qh4+ 28. Kg2 Qf4 29. Rc2 g5 30. Bg4 Rf6 31. Qf3 Kg7 32. Qxf4 Rxf4 33. Bf5 h5
34. Rf2 Rxf2+ 35. Kxf2 g4 36. Kg3 Kf6 37. Kh4 g3 38. Kxg3 Kg5 39. a4 h4+ 40.
Kf3 c6 41. a5 Kf6 42. b6 axb6 43. axb6 Ke7 44. Bc8 h3 45. Kg3 h2 46. Kxh2 d5
47. cxd5 Kd6 48. Bxb7 cxd5 49. Bxd5 1-0

[Event "II. Budapest Open"]
[Site ", "]
[Date "2012.08.26"]
[Round "9"]
[White "Szalai, Krisztian"]
[Black "Novak, Levente Peter"]
[Result "1-0"]
[WhiteElo "1710"]
[BlackElo "1563"]
[PlyCount "57"]
[EventDate "2012.??.??"]

1. e4 c5 2. Nf3 Nc6 3. d4 d5 4. dxc5 dxe4 5. Qxd8+ Kxd8 6. Ng5 Ke8 7. Nxe4 Bf5
8. Nbc3 e5 9. Bd3 Bg6 10. Be3 f5 11. Nd6+ Bxd6 12. cxd6 Nf6 13. O-O-O f4 14.
Bc5 Bxd3 15. Rxd3 Kf7 16. f3 Nd4 17. Bxd4 exd4 18. Rxd4 Rad8 19. Re1 Rhe8 20.
Ne4 h6 21. c4 b6 22. b4 Re6 23. c5 bxc5 24. bxc5 Rc8 25. d7 Rd8 26. Nd6+ Ke7
27. Rxe6+ Kxe6 28. c6 Nd5 29. Nb7 1-0

[Event "II. Budapest Open"]
[Site ", "]
[Date "2012.08.26"]
[Round "9"]
[White "Romhanyi, Mihaly"]
[Black "Bella, Zsolt"]
[Result "1-0"]
[WhiteElo "1455"]
[BlackElo "1369"]
[PlyCount "113"]
[EventDate "2012.??.??"]

1. e4 g6 2. d4 d6 3. f4 c5 4. dxc5 Qa5+ 5. Bd2 Qxc5 6. Nc3 Nf6 7. b4 Qxb4 8.
Qe2 Nc6 9. Nd5 Qxe4 10. Nc7+ Kd7 11. Qxe4 Nxe4 12. Nxa8 Nd4 13. Bd3 Nc5 14.
O-O-O Nxd3+ 15. cxd3 b6 16. Be3 Nf5 17. Bxb6 axb6 18. Nxb6+ Kd8 19. Nxc8 Kxc8
20. Nf3 h6 21. Rhe1 Kd7 22. g4 Ng7 23. a4 Ne6 24. Re4 Bg7 25. Kd2 Rc8 26. Rc1
Ra8 27. Rce1 Rc8 28. Kd1 f5 29. Rxe6 Bf6 30. g5 hxg5 31. fxg5 Bb2 32. Rxe7+ Kc6
33. R1e6 Kd5 34. Rxg6 Rc1+ 35. Ke2 Rc2+ 36. Kf1 Rc3 37. Ree6 Ba3 38. Ref6 Rxd3
39. Rxf5+ Ke4 40. Rgf6 Bb2 41. Rf4+ Ke3 42. R6f5 Rd1+ 43. Kg2 Rc1 44. g6 Rc8
45. h4 Rg8 46. h5 d5 47. Ng5 Bg7 48. Ne6 Bh6 49. Re5+ Kd3 50. Rd4+ Kc3 51.
Rdxd5 Ra8 52. a5 Kc4 53. Rc5+ Kb4 54. g7 Rg8 55. Rc7 Ra8 56. Rb7+ Kc4 57. Rb6
1-0